<?xml version="1.0" encoding="UTF-8"?>
<collection xmlns="http://www.loc.gov/MARC21/slim">
 <record>
  <leader>01651nam a2200457   4500</leader>
  <controlfield tag="001">DLU070061425</controlfield>
  <controlfield tag="005">##20071221</controlfield>
  <controlfield tag="008">##030815s2004    njua   c      000 0 eng  </controlfield>
  <datafield tag="010" ind1="#" ind2="#">
   <subfield code="a">  2003018293</subfield>
  </datafield>
  <datafield tag="020" ind1="#" ind2="#">
   <subfield code="a">0471219800 (pbk. : acid-free paper)</subfield>
  </datafield>
  <datafield tag="040" ind1="#" ind2="#">
   <subfield code="a">DLC</subfield>
   <subfield code="c">DLU</subfield>
   <subfield code="d">DLU</subfield>
  </datafield>
  <datafield tag="042" ind1="#" ind2="#">
   <subfield code="a">pcc</subfield>
   <subfield code="a">lcac</subfield>
  </datafield>
  <datafield tag="043" ind1="#" ind2="#">
   <subfield code="a">sn-----</subfield>
  </datafield>
  <datafield tag="050" ind1="#" ind2="#">
   <subfield code="a">TT34</subfield>
   <subfield code="b">.B73 2004</subfield>
  </datafield>
  <datafield tag="082" ind1="#" ind2="#">
   <subfield code="a">985.01</subfield>
   <subfield code="b">BR-A</subfield>
  </datafield>
  <datafield tag="100" ind1="#" ind2="#">
   <subfield code="a">Braman, Arlette N.,</subfield>
   <subfield code="d">1952-</subfield>
  </datafield>
  <datafield tag="245" ind1="#" ind2="#">
   <subfield code="a">Secrets of ancient cultures.</subfield>
   <subfield code="p">The Inca : activities and crafts from a mysterious land /</subfield>
   <subfield code="c">Arlette N. Braman ; illustrated by Michele Nidenoff.</subfield>
  </datafield>
  <datafield tag="246" ind1="#" ind2="#">
   <subfield code="a">Inca</subfield>
  </datafield>
  <datafield tag="260" ind1="#" ind2="#">
   <subfield code="a">Hoboken, N.J. :</subfield>
   <subfield code="b">Wiley,</subfield>
   <subfield code="c">c2004.</subfield>
  </datafield>
  <datafield tag="300" ind1="#" ind2="#">
   <subfield code="a">xi, 113 p. :</subfield>
   <subfield code="b">ill. ;</subfield>
   <subfield code="c">22 x 28 cm.</subfield>
  </datafield>
  <datafield tag="520" ind1="#" ind2="#">
   <subfield code="a">Provides information on the civilization of the ancient Incas and  directions for activities and crafts based on their culture.</subfield>
  </datafield>
  <datafield tag="650" ind1="#" ind2="#">
   <subfield code="a">Incas</subfield>
   <subfield code="x">Material culture</subfield>
   <subfield code="v">Juvenile literature.</subfield>
  </datafield>
  <datafield tag="650" ind1="#" ind2="#">
   <subfield code="a">Indian craft</subfield>
   <subfield code="v">Juvenile literature.</subfield>
  </datafield>
  <datafield tag="650" ind1="#" ind2="#">
   <subfield code="a">Handicraft.</subfield>
  </datafield>
  <datafield tag="650" ind1="#" ind2="#">
   <subfield code="a">Incas.</subfield>
  </datafield>
  <datafield tag="650" ind1="#" ind2="#">
   <subfield code="a">Indian craft.</subfield>
  </datafield>
  <datafield tag="650" ind1="#" ind2="#">
   <subfield code="a">Indians of South America.</subfield>
  </datafield>
  <datafield tag="700" ind1="#" ind2="#">
   <subfield code="a">Nidenoff, Michele,</subfield>
   <subfield code="e">ill.</subfield>
  </datafield>
  <datafield tag="856" ind1="#" ind2="#">
   <subfield code="3">Table of contents</subfield>
   <subfield code="u">http://www.loc.gov/catdir/toc/wiley032/2003018293.html</subfield>
  </datafield>
  <datafield tag="856" ind1="#" ind2="#">
   <subfield code="3">Contributor biographical information</subfield>
   <subfield code="u">http://www.loc.gov/catdir/bios/wiley044/2003018293.html</subfield>
  </datafield>
  <datafield tag="856" ind1="#" ind2="#">
   <subfield code="3">Publisher description</subfield>
   <subfield code="u">http://www.loc.gov/catdir/description/wiley036/2003018293.html</subfield>
  </datafield>
  <datafield tag="923" ind1="#" ind2="#">
   <subfield code="a">25/2007</subfield>
  </datafield>
  <datafield tag="992" ind1="#" ind2="#">
   <subfield code="a">6200</subfield>
  </datafield>
  <datafield tag="994" ind1="#" ind2="#">
   <subfield code="a">DLU</subfield>
  </datafield>
  <datafield tag="900" ind1="#" ind2="#">
   <subfield code="a">True</subfield>
  </datafield>
  <datafield tag="911" ind1="#" ind2="#">
   <subfield code="a">Nguyễn Thanh Hương</subfield>
  </datafield>
  <datafield tag="925" ind1="#" ind2="#">
   <subfield code="a">G</subfield>
  </datafield>
  <datafield tag="926" ind1="#" ind2="#">
   <subfield code="a">A</subfield>
  </datafield>
  <datafield tag="927" ind1="#" ind2="#">
   <subfield code="a">SH</subfield>
  </datafield>
  <datafield tag="980" ind1="#" ind2="#">
   <subfield code="a">Thư viện Trường Đại học Đà Lạt</subfield>
  </datafield>
 </record>
</collection>
